MARC

LEADER 00000nam0a2200000 4500
001 354136
005 20231102010648.0
035 |a (RuTPU)RU\TPU\retro\11394 
035 |a RU\TPU\retro\11387 
090 |a 354136 
100 |a 20200616d1963 k y0rusy50 ca 
101 0 |a rus 
102 |a RU 
105 |a y z 000zy 
200 1 |a Новые методы составления прямых тепловых балансов при испытании котлоагрегатов  |e [оттиск статьи]  |f В. Н. Смиренский 
210 |a Томск  |c Изд-во Томского ун-та  |d 1963 
215 |a С. 35-40 
225 1 |a Известия Томского Политехнического Института  |v Т. 119 
606 1 |a Котлоагрегаты  |x Тепловой расчет  |2 stltpush  |3 (RuTPU)RU\TPU\subj\16044  |9 42235 
610 1 |a коллекция ТПУ 
610 1 |a оттиски 
610 1 |a труды учёных ТПУ 
610 1 |a потери 
610 1 |a горение 
610 1 |a химические реакции 
610 1 |a монооксид углерода 
675 |a 621.18.016  |v 3 
700 1 |a Смиренский  |b В. Н.  |c выпускник МФ СТИ 1929 г.  |c преподаватель СТИ  |f 1901-?  |g Виктор Николаевич  |2 stltpush  |3 (RuTPU)RU\TPU\pers\23423  |9 10199 
801 1 |a RU  |b 63413507  |c 20200608 
801 2 |a RU  |b 63413507  |c 20200616  |g RCR 
942 |c BK